Представление документа в формате RUSMARC

ПолеНазваниеЗначение
  Тип записи a
  Библиографический уровень m
001 Контрольный номер 486216baa31a44d59000caa5d1d32b5e
005 Дата корректировки 20140610103240.0
010 Индекс ISBN __
a ISBN 5-7729-0261-х
101 Язык документа 0_
a Язык текста rus
102 Страна публикации __
a Страна публикации RU
200 Заглавие и сведения об ответственности 1_
a Заглавие Россия в мировом инвестиционном процессе
f Первые сведения об ответственности Евгений Григорьевич Ищенко
g Последующие сведения об ответственности Рос. акад. гос. службы при Президенте РФ
210 Выходные данные 1_
c Издательство РАГС
a Место издания М.
d Дата издания 2006
215 Физическое описание __
a Объем 335, [1] с.
610 Ключевые слова 0_
a Ключевые слова инвестиции
610 Ключевые слова 0_
a Ключевые слова россия
610 Ключевые слова 0_
a Ключевые слова международное инвестирование
610 Ключевые слова 0_
a Ключевые слова мировой инвестиционный процесс
610 Ключевые слова 0_
a Ключевые слова глобализация мирового хозяйства
610 Ключевые слова 0_
a Ключевые слова пии
610 Ключевые слова 0_
a Ключевые слова тнк
610 Ключевые слова 0_
a Ключевые слова мвф
610 Ключевые слова 0_
a Ключевые слова мбрр
610 Ключевые слова 0_
a Ключевые слова иностранные инвестиции
610 Ключевые слова 0_
a Ключевые слова экономика россии
610 Ключевые слова 0_
a Ключевые слова трансформация инвестиционного климата
686 Индексы других классификаций __
a Классификационный индекс 65.9(2)-56
2 Код системы rubbk
686 Индексы других классификаций __
a Классификационный индекс 65.5
2 Код системы rubbk
700 Автор _1
a Фамилия Ищенко
b Имя Е. Г.
g Полное личное имя Евгений Григорьевич
711 Наименование организации. (Альтернативная ответственность) 02
a Организация/ юрисдикция Рос. акад. гос. службы при Президенте РФ
801 Источник записи _0
a Страна RU
b Организация РУК
c Дата составления 20070605
g Правила каталогизации PSBO
801 Источник записи _1
a Страна RU
b Организация РУК
c Дата составления 20070605
g Правила каталогизации PSBO
852 Данные о местонахождении __
j Шифр хранения ББК 65.9(2)
i Авторский знак И 98
901 Тип документа __
t Тип документа m
938 Служебная информация __
a Название организации Головной вуз
b Имя БД BOOK
c Название АИБС АИБС ИРБИС